[Event "12th Open"]
[Site "Dubai UAE"]
[Date "2010.04.10"]
[Round "6"]
[White "Savchenko,S"]
[Black "Satyapragyan,S"]
[Result "1/2-1/2"]
[WhiteElo "2526"]
[BlackElo "2466"]
[EventDate "2010.04.05"]

1. Nf3 Nf6 2. c4 e6 3. Nc3 Bb4 4. g3 O-O 5. Bg2 c5 6. O-O d6 7. d3 Nc6 8.
e4 Re8 9. Ne2 Ba5 10. Be3 Qe7 11. Rc1 Bd7 12. h3 a6 13. Nd2 b5 14. Nb1 Bb6
15. b3 Rac8 16. f4 Kh8 17. g4 Ng8 18. g5 f6 19. gxf6 Nxf6 20. Ng3 Rf8 21.
Rc2 Nd4 22. Rcf2 Ng8 23. Ne2 Be8 24. Nxd4 cxd4 25. Bc1 Qh4 26. Qg4 Qe7 27.
Nd2 Nf6 28. Qh4 Ng8 29. Qxe7 Nxe7 30. f5 Bd7 31. fxe6 Rxf2 32. Rxf2 Bxe6
33. Nf3 bxc4 34. bxc4 Nc6 35. Bf4 Bc5 36. e5 dxe5 37. Nxe5 Nxe5 38. Bxe5
Bxc4 39. Be4 Re8 40. Rf5 Bxa2 41. Bxg7+ Kxg7 42. Rxc5 1/2-1/2

[Event "12th Open"]
[Site "Dubai UAE"]
[Date "2010.04.10"]
[Round "6"]
[White "Ibrahimov,R"]
[Black "Berezina,I"]
[Result "1-0"]
[WhiteElo "2538"]
[BlackElo "2239"]
[EventDate "2010.04.05"]

1. Nf3 Nf6 2. c4 g6 3. Nc3 Bg7 4. e4 d6 5. d4 O-O 6. Be2 e5 7. Be3 Ng4 8.
Bg5 f6 9. Bh4 g5 10. Bg3 Nh6 11. h3 Nd7 12. dxe5 dxe5 13. O-O c6 14. Qc2
Qe7 15. Rad1 Nf7 16. a3 a5 17. Na4 b6 18. Nh2 Rb8 19. Ng4 Nc5 20. Ne3 Nh6
21. Nc3 f5 22. exf5 Nxf5 23. Nxf5 Bxf5 24. Qc1 a4 25. Qe3 Rb7 26. Bf3 Qf6
27. Rfe1 Re7 28. Ne4 Bxe4 29. Bxe4 Rfe8 30. f3 Bf8 31. Bf2 Re6 32. Qc3 Ra8
33. Re2 Ra7 34. Rde1 h6 35. Qc2 Rb7 36. Bf5 Re8 37. Bg3 Bd6 38. Bg6 Re6 39.
Bf5 Re8 40. Be4 Rc7 41. Bf2 Ra8 42. Qc3 Rb8 43. Bc2 Ra8 44. Kh1 Re7 45. Rd1
Re6 46. Be4 Bf8 47. Bc2 Ra7 48. Bg3 Nd7 49. Red2 Nc5 50. Rd8 Rae7 51. Rb8
Rd6 52. Re1 Nd7 53. Ra8 b5 54. Ra7 Bg7 55. Be4 Re8 56. cxb5 cxb5 57. Rb7
Rd4 58. Rxb5 Qd6 59. Kh2 h5 60. Bf2 Nf6 61. Qc6 Nxe4 62. Qxe8+ 1-0

[Event "12th Open"]
[Site "Dubai UAE"]
[Date "2010.04.10"]
[Round "6"]
[White "Sharbaf,M"]
[Black "Arizmendi Martinez,J"]
[Result "1/2-1/2"]
[WhiteElo "2373"]
[BlackElo "2531"]
[EventDate "2010.04.05"]

1. d4 e6 2. Nc3 d5 3. Nf3 c5 4. e4 Nf6 5. Bg5 dxe4 6. Nxe4 cxd4 7. Bxf6
gxf6 8. Bb5+ Ke7 9. Nxd4 f5 10. Qd2 fxe4 11. O-O-O Qc7 12. Rhe1 f5 13. Qg5+
Kf7 14. Qh5+ Kf6 15. Qh4+ Kf7 16. Qh5+ Kf6 17. Qh4+ Kf7 18. Be8+ Kxe8 19.
Nb5 Qe5 20. f4 Qxb5 21. Rd8+ Kf7 22. Qh5+ Kg7 23. Qg5+ Kf7 24. Qh5+ Kg7 25.
Qg5+ Kf7 1/2-1/2

[Event "12th Open"]
[Site "Dubai UAE"]
[Date "2010.04.10"]
[Round "6"]
[White "Fedorov,Alex"]
[Black "Padmini,R"]
[Result "1-0"]
[WhiteElo "2618"]
[BlackElo "2319"]
[EventDate "2010.04.05"]

1. e4 c5 2. Nf3 d6 3. Bc4 Nf6 4. d3 Nc6 5. c3 g6 6. O-O Bg7 7. Bb3 O-O 8.
Re1 Bg4 9. h3 Bxf3 10. Qxf3 Rc8 11. Nd2 b5 12. Qe2 e6 13. Nf3 e5 14. Be3 h6
15. Rad1 Qc7 16. a3 Kh7 17. Ba2 a5 18. a4 b4 19. Rc1 Qd7 20. Bc4 Ne8 21. h4
Nc7 22. h5 g5 23. Nh2 Ne7 24. g4 d5 25. Bb3 Ne6 26. exd5 Nxd5 27. Qf3 Ndf4
28. Rcd1 Kh8 29. Qe4 Qc6 30. Qxc6 Rxc6 31. Bc4 f5 32. gxf5 Rxf5 33. Nf1
Nxh5 34. Ng3 Nxg3 35. fxg3 g4 36. Rf1 Rf8 37. Rxf8+ Nxf8 38. Rf1 Rc7 39.
Rf5 Kh7 40. Bd5 Ng6 41. Be4 bxc3 42. bxc3 c4 43. Bb6 Rc8 44. Bxa5 cxd3 45.
Bxd3 Ra8 46. Bb4 Rxa4 47. Rf7 Ra8 48. Rd7 Rg8 49. Be4 h5 50. c4 h4 51. Rd6
Bh6 52. gxh4 Be3+ 53. Kg2 Kh6 54. c5 Rb8 55. Rxg6+ Kh5 56. Be1 Rb2+ 57. Kf1
Bxc5 58. Rg5+ Kh6 59. Rxe5 Bb4 60. Bf2 Bd2 61. Re7 1-0

[Event "12th Open"]
[Site "Dubai UAE"]
[Date "2010.04.10"]
[Round "6"]
[White "Mehdi,S"]
[Black "Karavade,E"]
[Result "0-1"]
[WhiteElo "2085"]
[BlackElo "2366"]
[EventDate "2010.04.05"]

1. e4 c5 2. Nf3 d6 3. d4 cxd4 4. Nxd4 Nf6 5. Nc3 a6 6. Qf3 g6 7. b3 Bg7 8.
Bb2 O-O 9. h3 Qc7 10. O-O-O Nc6 11. Nde2 b5 12. g4 Be6 13. Nf4 Rfc8 14. Kb1
b4 15. Ncd5 Bxd5 16. exd5 Ne5 17. Qe2 a5 18. g5 Nfd7 19. Nd3 Nxd3 20. cxd3
Bxb2 21. Qxb2 a4 22. Be2 axb3 23. axb3 Qa7 24. d4 Rc3 25. Bb5 Nb6 26. Bc6
Qa3 27. Qxa3 Rxa3 28. Rd2 Rcxb3+ 29. Rb2 Rxb2+ 30. Kxb2 Nc4+ 31. Kb1 b3 32.
Rd1 b2 0-1

[Event "12th Open"]
[Site "Dubai UAE"]
[Date "2010.04.10"]
[Round "6"]
[White "Al Housa,K"]
[Black "Ramnath,B"]
[Result "0-1"]
[WhiteElo "2019"]
[BlackElo "2360"]
[EventDate "2010.04.05"]

1. d4 Nf6 2. c4 g6 3. g3 Bg7 4. Bg2 O-O 5. Nc3 d6 6. Nf3 Nbd7 7. O-O e5 8.
Bg5 h6 9. Bxf6 Qxf6 10. dxe5 dxe5 11. Nd5 Qd8 12. e4 c6 13. Nc3 Qe7 14. Qc2
Nc5 15. b4 Ne6 16. a3 Nd4 17. Qb2 Bg4 18. Ne1 Be6 19. Nc2 Bxc4 20. Rfe1
Rfd8 21. Ne3 Bb3 22. Rac1 a5 23. b5 a4 24. bxc6 bxc6 25. Nb1 h5 26. Qc3
Rab8 27. Qc5 Qe6 28. f4 Rb5 29. Qa7 Bh6 30. Nc3 Rbb8 31. Rf1 Qd6 32. Rce1
Ra8 33. Qb7 Rab8 34. fxe5 Qc5 35. Qc7 Bxe3+ 36. Rxe3 Nb5 37. Nxb5 Qxe3+ 38.
Kh1 cxb5 0-1

[Event "12th Open"]
[Site "Dubai UAE"]
[Date "2010.04.10"]
[Round "6"]
[White "Hejazipour,M"]
[Black "Lalith,B"]
[Result "0-1"]
[WhiteElo "2216"]
[BlackElo "2493"]
[EventDate "2010.04.05"]

1. d4 Nf6 2. c4 e6 3. Nf3 b6 4. g3 Ba6 5. b3 Bb4+ 6. Bd2 Be7 7. Bg2 c6 8.
Bc3 d5 9. Nbd2 Nbd7 10. O-O O-O 11. Re1 c5 12. e4 dxc4 13. Nxc4 cxd4 14.
Nxd4 Rc8 15. Rc1 Nc5 16. Bb4 Re8 17. e5 Nd5 18. Bxc5 Rxc5 19. h4 Qd7 20. a4
Rd8 21. Qg4 Nb4 22. Red1 Qc7 23. Nb5 Bxb5 24. axb5 Nd3 25. Ra1 Rxb5 26. Qf3
Rbd5 27. Qe2 R5d7 28. Be4 Nxe5 29. Rxd7 Nxd7 30. Na3 Bxa3 0-1

[Event "12th Open"]
[Site "Dubai UAE"]
[Date "2010.04.10"]
[Round "6"]
[White "Salah,R"]
[Black "Shyam,SM"]
[Result "0-1"]
[WhiteElo "2106"]
[BlackElo "2372"]
[EventDate "2010.04.05"]

1. e4 e5 2. Nf3 Nc6 3. Bb5 a6 4. Ba4 Nf6 5. O-O Nxe4 6. d4 b5 7. Bb3 d5 8.
dxe5 Be6 9. c3 Be7 10. a4 Rb8 11. axb5 axb5 12. Nd4 Qd7 13. f4 Nxd4 14.
cxd4 c5 15. Be3 c4 16. Bc2 f5 17. exf6 Nxf6 18. f5 Bf7 19. Nd2 O-O 20. Nf3
Bh5 21. Qe1 Bxf3 22. Rxf3 Ra8 23. Bf4 b4 24. Rxa8 Rxa8 25. Re3 Bd6 26. Be5
b3 27. Bd1 Ra1 28. Bxf6 gxf6 29. Re8+ Kg7 30. Re3 Qxf5 31. h4 Qf4 32. Re7+
Kh6 33. Re2 0-1

[Event "12th Open"]
[Site "Dubai UAE"]
[Date "2010.04.10"]
[Round "6"]
[White "Tabada,J"]
[Black "Khukhashvili,S"]
[Result "0-1"]
[WhiteElo "2189"]
[BlackElo "2421"]
[EventDate "2010.04.05"]

1. e4 c5 2. Nf3 d6 3. d4 cxd4 4. Nxd4 Nf6 5. Nc3 Nc6 6. Bg5 e6 7. Qd2 a6 8.
O-O-O Bd7 9. Kb1 Be7 10. f3 Qc7 11. g4 h6 12. Be3 b5 13. Bd3 b4 14. Nce2 d5
15. Nxc6 Bxc6 16. e5 Nd7 17. Nd4 Nxe5 18. Bf4 Bd6 19. Bg3 Bd7 20. Rhe1 O-O
21. g5 h5 22. g6 fxg6 23. Rxe5 Bxe5 24. Qg5 Bxg3 25. hxg3 Rf6 26. f4 Raf8
27. Nf3 Bb5 28. Ne5 Bxd3 29. Nxd3 a5 30. Re1 Rc8 31. Rc1 Qc4 32. g4 hxg4
33. Qxg4 a4 34. Qh3 a3 35. Qh2 Rf5 36. Rh1 Rh5 0-1

[Event "12th Open"]
[Site "Dubai UAE"]
[Date "2010.04.10"]
[Round "6"]
[White "Lopez Martinez,Josep"]
[Black "Meenakshi,Sub"]
[Result "1/2-1/2"]
[WhiteElo "2548"]
[BlackElo "2348"]
[EventDate "2010.04.05"]

1. Nf3 Nf6 2. c4 g6 3. Nc3 Bg7 4. d4 d6 5. e4 O-O 6. h3 Nbd7 7. Bg5 c6 8.
Be2 Qc7 9. O-O e5 10. d5 h6 11. Be3 c5 12. Ne1 Ne8 13. Qd2 Kh7 14. Nd3 f5
15. exf5 gxf5 16. f4 e4 17. Nf2 Qd8 18. Kh2 Qe7 19. Rab1 Nc7 20. g4 fxg4
21. Nxg4 Nf6 22. Nxf6+ Qxf6 23. Nxe4 Qh4 24. Nf2 Bf5 25. Bd3 Qh5 26. Bxf5+
Qxf5 27. Qd3 Rae8 28. Qxf5+ Rxf5 29. Rfe1 b5 30. b3 Bc3 31. Re2 Rxf4 32.
Bxf4 Rxe2 33. Kg3 Bd4 34. Nd3 Ne8 35. a4 bxc4 36. bxc4 Rc2 37. Rc1 Ra2 38.
Kf3 Ra3 39. Rd1 Rxa4 40. Re1 Nf6 41. Bxd6 Rxc4 42. Nf4 Rc3+ 43. Kg2 Rc2+
44. Kf3 Rc3+ 45. Kg2 Rc2+ 46. Kf3 1/2-1/2

[Event "12th Open"]
[Site "Dubai UAE"]
[Date "2010.04.10"]
[Round "6"]
[White "Harutjunyan,G"]
[Black "Tejas,R"]
[Result "1-0"]
[WhiteElo "2476"]
[BlackElo "2165"]
[EventDate "2010.04.05"]

1. Nf3 Nf6 2. g3 e6 3. Bg2 d5 4. b3 c5 5. Bb2 Be7 6. O-O O-O 7. c4 Nc6 8.
cxd5 exd5 9. d4 Bg4 10. dxc5 Bxc5 11. Nc3 Re8 12. Rc1 a6 13. h3 Be6 14. Ng5
Ba7 15. Qd3 h6 16. Nxe6 fxe6 17. e3 Qe7 18. Ne2 Nb4 19. Qd2 Nc6 20. Nf4 Qf7
21. Nd3 Rac8 22. Rc2 Bb8 23. Rfc1 Ne4 24. Bxe4 dxe4 25. Nc5 Rcd8 26. Qe2
Ne5 27. Bxe5 Bxe5 28. Qg4 Bf6 29. Nxe4 Rd7 30. Rc8 Rxc8 31. Rxc8+ Kh7 32.
Qf4 Qg6 33. Kg2 h5 34. Nc5 Re7 35. Qe4 Qxe4+ 36. Nxe4 Kg6 37. h4 Kf5 38.
Kf3 e5 39. Rb8 Kg6 40. Nc5 Rc7 41. Nxb7 Rc2 42. a4 e4+ 43. Kg2 Be7 44. Na5
Bc5 45. Rc8 1-0

[Event "12th Open"]
[Site "Dubai UAE"]
[Date "2010.04.10"]
[Round "6"]
[White "Abdulov,Or"]
[Black "Petrosian,TL"]
[Result "0-1"]
[WhiteElo "2312"]
[BlackElo "2612"]
[EventDate "2010.04.05"]

1. e4 c5 2. Nf3 e6 3. d4 cxd4 4. Nxd4 a6 5. Nc3 Qc7 6. Be2 Nc6 7. Be3 Nf6
8. O-O Bb4 9. Na4 O-O 10. Nxc6 bxc6 11. Nb6 Rb8 12. Nxc8 Rfxc8 13. Bxa6 Re8
14. Bd3 Bd6 15. f4 e5 16. f5 Rxb2 17. g4 h6 18. h4 h5 19. gxh5 Bf8 20. Bg5
d5 21. h6 Qd6 22. hxg7 Bxg7 23. Kh1 c5 24. Bc4 Rb4 25. Bxf6 Qxf6 26. Bxd5
Rd8 27. Kg2 Qxh4 28. Qe1 Qh5 29. Rd1 Kf8 30. Rf3 Bf6 31. Rdd3 Ke7 32. Qf2
Rd4 33. Rh3 Rg8+ 34. Kh2 Qg4 35. Rdg3 Qd1 36. Rxg8 Rd2 37. Rg2 Rxf2 38.
Rxf2 Bg5 39. Rb3 Qg4 0-1

[Event "12th Open"]
[Site "Dubai UAE"]
[Date "2010.04.10"]
[Round "6"]
[White "Bennett,J"]
[Black "Ghane,S"]
[Result "0-1"]
[WhiteElo "2160"]
[BlackElo "2375"]
[EventDate "2010.04.05"]

1. d4 Nf6 2. c4 e6 3. Nc3 Bb4 4. Bg5 h6 5. Bh4 c5 6. d5 d6 7. e3 e5 8. Qc2
Nbd7 9. Bd3 a6 10. Nge2 Nf8 11. O-O-O g5 12. Bg3 Bd7 13. f4 Ng4 14. fxe5
dxe5 15. h3 Nxe3 16. Qd2 Nxd1 17. Bxe5 f6 18. Bg3 Nxc3 19. Nxc3 Kf7 20. Rf1
Bxc3 21. Qxc3 Ng6 22. h4 Nf4 23. Bxf4 gxf4 24. Rxf4 Qe7 25. Be4 Qd6 26. Qf3
h5 0-1

[Event "12th Open"]
[Site "Dubai UAE"]
[Date "2010.04.10"]
[Round "6"]
[White "Ghader Pour,S"]
[Black "Laxman,R"]
[Result "1/2-1/2"]
[WhiteElo "2213"]
[BlackElo "2485"]
[EventDate "2010.04.05"]

1. e4 e5 2. Nf3 Nf6 3. Nxe5 d6 4. Nf3 Nxe4 5. d4 d5 6. Bd3 Be7 7. O-O Nc6
8. c4 Nb4 9. Be2 Be6 10. Nc3 O-O 11. Ne5 f6 12. Nf3 Kh8 13. a3 Nxc3 14.
bxc3 Nc6 15. Nd2 dxc4 16. Nxc4 Qd7 17. Ne3 Na5 18. c4 b6 19. Bb2 c6 20. d5
cxd5 21. cxd5 Bg8 22. Qd3 Bc5 23. Bg4 Qa4 24. Bf3 Rad8 25. Rac1 Nb7 26. Nf5
Qd7 27. Rfd1 Bf7 28. Bg4 Bg6 29. Qf3 Qb5 30. Bd4 Bf7 31. d6 Qa6 32. Qf4
Bxd4 33. Rxd4 Nc5 34. Qg3 g6 35. Nh6 Kg7 36. Nf5+ Kh8 37. Nh6 Kg7 38. Nf5+
Kg8 39. Nh6+ Kg7 1/2-1/2

[Event "12th Open"]
[Site "Dubai UAE"]
[Date "2010.04.10"]
[Round "6"]
[White "Salem,AR"]
[Black "Mamedjarova,T"]
[Result "1-0"]
[WhiteElo "2483"]
[BlackElo "2269"]
[EventDate "2010.04.05"]

1. e4 e5 2. Nf3 Nc6 3. Nc3 Nf6 4. Bb5 Nd4 5. Bc4 Nxf3+ 6. gxf3 d6 7. d4 Be7
8. Rg1 O-O 9. Bh6 Ne8 10. Qd2 Bf6 11. O-O-O Be6 12. d5 Bd7 13. Rg3 Kh8 14.
Rdg1 Rg8 15. Bb5 c6 16. Bc4 Qe7 17. Bb3 Nc7 18. Bg5 Bxg5 19. Rxg5 c5 20.
Ne2 Raf8 21. f4 f6 22. R5g3 g6 23. c3 f5 24. fxe5 Qxe5 25. f4 Qg7 26. e5
dxe5 27. fxe5 Qxe5 28. Nf4 Rf6 29. d6 Qxd6 30. Rd3 Qb6 31. Bxg8 1-0

[Event "12th Open"]
[Site "Dubai UAE"]
[Date "2010.04.10"]
[Round "6"]
[White "Venkatesh,M"]
[Black "Makropoulou,M"]
[Result "1-0"]
[WhiteElo "2441"]
[BlackElo "2225"]
[EventDate "2010.04.05"]

1. e4 e5 2. Nf3 Nc6 3. Bb5 a6 4. Ba4 Nf6 5. O-O Be7 6. Re1 b5 7. Bb3 d6 8.
c3 O-O 9. h3 Bb7 10. d4 Re8 11. Nbd2 Bf8 12. d5 Nb8 13. Nf1 Nbd7 14. Ng3
Nc5 15. Bc2 c6 16. b4 Ncd7 17. dxc6 Bxc6 18. Bb3 Nb6 19. Nh2 d5 20. Qf3 Qc7
21. exd5 Nbxd5 22. Ng4 Nxg4 23. Qxg4 Kh8 24. Ne4 Rad8 25. Bd2 Qd7 26. Qh5
g6 27. Qh4 f5 28. Ng5 Qg7 29. Ne6 Rxe6 30. Qxd8 Re8 31. Qh4 f4 32. Bxd5 Be7
33. Qg4 Bxd5 34. Bxf4 Bf6 35. Bg5 1-0

[Event "12th Open"]
[Site "Dubai UAE"]
[Date "2010.04.10"]
[Round "6"]
[White "Afshari,M"]
[Black "Grover,S"]
[Result "1-0"]
[WhiteElo "2182"]
[BlackElo "2434"]
[EventDate "2010.04.05"]

1. Nf3 d5 2. d4 Nf6 3. c4 e6 4. g3 dxc4 5. Bg2 Bb4+ 6. Bd2 c5 7. dxc5 Bxc5
8. Qa4+ Bd7 9. Qxc4 Qb6 10. O-O Bb5 11. Qc2 Nbd7 12. Nc3 Rc8 13. Qb3 Ba6
14. Qxb6 Nxb6 15. Rfc1 O-O 16. Rab1 Bb4 17. Kf1 Nc4 18. Be1 h6 19. a3 Be7
20. Nd2 Nxb2 21. Rxb2 Bxa3 22. Rbc2 Bxc1 23. Rxc1 Nd5 24. Nb3 Nxc3 25. Rxc3
Rxc3 26. Bxc3 Rc8 27. Bd4 Bc4 28. Na5 b6 29. Nc6 Rc7 30. Be5 Rd7 31. Ke1 f6
32. Nb8 Rf7 33. Bd6 Bd5 34. e4 Bc4 35. Kd2 a5 36. Kc3 b5 37. f4 e5 38. Bh3
g5 39. fxe5 fxe5 40. Bf5 a4 41. Nd7 Bb3 42. Bxe5 h5 43. Bf6 Bc4 44. Kb4 Bd3
45. Be6 Bc4 46. Bxf7+ 1-0

[Event "12th Open"]
[Site "Dubai UAE"]
[Date "2010.04.10"]
[Round "6"]
[White "Shiven,K"]
[Black "Arun Prasad,S"]
[Result "1/2-1/2"]
[WhiteElo "2305"]
[BlackElo "2549"]
[EventDate "2010.04.05"]

1. e4 c5 2. Nf3 d6 3. d4 cxd4 4. Nxd4 Nf6 5. Nc3 a6 6. Be2 e5 7. Nb3 Be7 8.
O-O O-O 9. Be3 Be6 10. Qd2 Nbd7 11. a4 Rc8 12. a5 Qc7 13. Rfd1 Rfd8 14. Nc1
Bf8 15. Qe1 h6 16. f3 Qc6 17. Qd2 Nb8 18. Bb6 Rd7 19. Nd3 Re7 20. Nb4 Qd7
21. Ncd5 Nxd5 22. Nxd5 Ree8 23. b4 f5 24. c4 Qf7 25. Rac1 g6 26. b5 Kh7 27.
Bf2 Nd7 28. bxa6 bxa6 29. Nb6 Rc6 30. Nxd7 Qxd7 31. Bb6 Qc8 32. Qd3 Be7 33.
Rc2 Bd8 34. Qe3 f4 35. Qa3 Bxb6+ 36. axb6 Qb8 37. Qxa6 Rxb6 38. Qa3 Rb1 39.
Rxb1 Qxb1+ 40. Rc1 Qb8 41. c5 Rc8 42. cxd6 Qb6+ 43. Kf1 Rxc1+ 44. Qxc1 Qxd6
45. Qa1 Kg7 46. Qa6 Qxa6 47. Bxa6 Kf6 48. Kf2 Ke7 49. g3 Kd6 50. g4 Kc5 51.
Bf1 Bc4 52. Bg2 g5 53. h3 Kd4 1/2-1/2

[Event "12th Open"]
[Site "Dubai UAE"]
[Date "2010.04.10"]
[Round "6"]
[White "Antonio,V"]
[Black "Khader,Sam"]
[Result "0-1"]
[WhiteElo "2201"]
[BlackElo "2466"]
[EventDate "2010.04.05"]

1. e4 e5 2. Nf3 Nc6 3. Bc4 Nf6 4. d3 Be7 5. O-O O-O 6. Bb3 d6 7. c3 Na5 8.
Bc2 c5 9. Nbd2 Qc7 10. Re1 Nc6 11. Nf1 Re8 12. Ne3 Bf8 13. h3 Bd7 14. Nh2
Rad8 15. Qf3 Ne7 16. Nhg4 Nxg4 17. hxg4 Ng6 18. g3 Qc8 19. Bb3 Be6 20. Ba4
Re7 21. Kg2 a6 22. Rh1 b5 23. Bc2 Rc7 24. c4 Be7 25. Bb3 Bg5 26. Nf5 Bxc1
27. Raxc1 Nf8 28. g5 Bxf5 29. exf5 Qb7 30. cxb5 Qxf3+ 31. Kxf3 axb5 32. Bd5
g6 33. fxg6 Nxg6 34. b4 Kg7 35. Rc2 Rdc8 36. Rhc1 Ne7 37. Bb3 Nc6 38. Kg2
Nxb4 39. Rd2 Nc6 40. f4 c4 41. dxc4 Nd4 42. fxe5 dxe5 43. Re1 bxc4 44. Rxe5
Nc6 45. Re3 cxb3 46. axb3 Nd8 47. Kh3 Ne6 48. Kh4 Rc3 49. Rdd3 Rxd3 50.
Rxd3 Rb8 0-1

[Event "12th Open"]
[Site "Dubai UAE"]
[Date "2010.04.10"]
[Round "6"]
[White "Sharapov,E"]
[Black "Agaragimov,D"]
[Result "1/2-1/2"]
[WhiteElo "2498"]
[BlackElo "2304"]
[EventDate "2010.04.05"]

1. e4 c5 2. Nf3 Nc6 3. d4 cxd4 4. Nxd4 g6 5. c4 Nf6 6. Nc3 Nxd4 7. Qxd4 d6
8. Be2 Bg7 9. Be3 O-O 10. Qd2 Qa5 11. f3 Be6 12. Nb5 Qxd2+ 13. Kxd2 a6 14.
Nc7 Rac8 15. Nxe6 fxe6 16. Rac1 Rfd8 17. Rhd1 Rc6 18. Ke1 Kf7 19. b4 Ra8
20. a4 Rcc8 21. a5 Nd7 22. f4 Rc7 23. g4 h6 24. h4 Rh8 25. Kd2 Nb8 26. Bb6
Rcc8 27. Kd3 g5 28. fxg5 hxg5 29. Rf1+ Kg6 30. h5+ Kh6 31. Rf7 Nc6 32. Kd2
Bf6 33. Rf1 Ne5 34. R1xf6+ exf6 35. Rxf6+ Kg7 36. Rxe6 Kf7 37. Rxd6 Nxc4+
38. Bxc4+ Rxc4 39. Bd4 Rh7 40. e5 Ke8 41. Kd3 Rc6 42. Ke4 Rf7 43. Rf6 Rfxf6
44. exf6 Rc4 45. Kd5 Rc6 46. Ke5 Rc4 47. Bc5 Kf7 48. Kf5 Rf4+ 49. Kxg5 Rxf6
50. Bd4 Rf1 51. Be5 Rb1 52. Kf5 Rh1 53. Bf4 Kg7 54. h6+ Kh7 55. g5 Rg1 56.
Kf6 Rg4 57. Bd6 Rg1 58. Be7 Rf1+ 59. Ke6 Rc1 60. Kf7 Rf1+ 61. Ke6 Rc1 62.
Bc5 Rd1 63. Bd6 Rc1 64. Kd7 Rc6 65. Bc7 Rc4 66. Bd6 Rc6 67. Bc7 Rc4 68. Bb6
Rxb4 69. Kc7 Rb5 70. Kxb7 Rxg5 71. Kxa6 Rxa5+ 72. Kxa5 Kxh6 1/2-1/2

[Event "12th Open"]
[Site "Dubai UAE"]
[Date "2010.04.10"]
[Round "6"]
[White "Solomon,K"]
[Black "Ayyad,M"]
[Result "1-0"]
[WhiteElo "2354"]
[BlackElo "2151"]
[EventDate "2010.04.05"]

1. d4 d5 2. Nf3 Nf6 3. c4 e6 4. g3 c6 5. Nbd2 Nbd7 6. Bg2 Bd6 7. O-O O-O 8.
Qc2 e5 9. cxd5 cxd5 10. dxe5 Nxe5 11. Nxe5 Bxe5 12. Nf3 Bd6 13. Nd4 Bd7 14.
Bg5 h6 15. Bxf6 Qxf6 16. e3 Be6 17. Qb3 Bc5 18. Rfd1 Rfd8 19. a4 Rd7 20.
Qb5 Bxd4 21. Rxd4 Rc8 22. Rf1 b6 23. b3 Rc2 24. Qd3 Rc5 25. Qd1 Qf5 26. h3
Rcc7 27. g4 Qc2 28. Bf3 Kf8 29. Kg2 Ke7 30. Kg3 Qxd1 31. Rfxd1 Rc3 32. Rb1
a5 33. Rb2 Rc5 34. Be2 Rdc7 35. Bd3 Bd7 36. b4 axb4 37. Rbxb4 Ra7 38. Be2
Raa5 39. Bd1 b5 40. axb5 Raxb5 41. Be2 Rxb4 42. Rxb4 Rc7 43. Rb6 Be6 44. h4
Ra7 45. f4 g6 46. Ba6 Rc7 47. h5 Rc3 48. hxg6 fxg6 49. Kf2 h5 50. Rb7+ Kf6
51. g5+ Kf5 52. Bf1 Kg4 53. Be2+ Kh3 54. Rb1 Kh2 55. Rb2 Bg4 56. Bf1 h4 57.
Rd2 h3 58. Bd3 Bh5 59. f5 gxf5 60. Bxf5 d4 61. Rxd4 Rc5 62. Rf4 Rb5 63. e4
Rb2+ 64. Ke3 Kg3 65. Rf1 h2 66. g6 Kg2 67. Rc1 h1=Q 68. Rxh1 Kxh1 69. Kf4
Kg2 70. Kg5 Be2 71. e5 Bc4 72. e6 Bxe6 73. Bxe6 Kg3 74. g7 Rb8 75. Bd5 Rd8
76. Be6 Rb8 77. Bc4 Rc8 78. Be6 Rb8 79. Bd5 Rb4 80. Be6 Rb8 81. Bd5 Kh3 82.
Bf7 Kg3 83. Be6 Kf3 84. Kf5 Ke3 85. Ke5 Re8 86. Kf6 Kf4 87. Bf7 Rb8 88. Be6
Ke4 89. Bf7 Kf4 90. Ke6 Ke4 91. Kf6 Kd4 92. Ke7 1-0

[Event "12th Open"]
[Site "Dubai UAE"]
[Date "2010.04.11"]
[Round "7"]
[White "Iturrizaga,E"]
[Black "Volkov,Sergey1"]
[Result "1/2-1/2"]
[WhiteElo "2604"]
[BlackElo "2612"]
[EventDate "2010.04.05"]

1. d4 d5 2. c4 c6 3. Nc3 Nf6 4. e3 a6 5. Qc2 g6 6. Bd3 Bg7 7. Nf3 Bg4 8.
Qb3 Ra7 9. Ne5 Be6 10. c5 Nbd7 11. f4 Bf5 12. e4 Nxe5 13. dxe5 Nxe4 14.
Nxe4 Bxe4 15. Bxe4 dxe4 16. Be3 Qd5 17. Qb6 Ra8 18. Rd1 Qxa2 19. Qxb7 O-O
20. Qxc6 Rab8 21. Qxe4 Qa5+ 22. Kf2 Rxb2+ 23. Kf3 g5 24. fxg5 Qb5 25. Rhe1
Rb4 26. Rd4 Rb3 27. Rc1 Rc8 28. Rdc4 e6 29. h4 Qb8 30. R4c3 Rb4 31. Rc4 Rb3
32. R4c3 Rb4 33. Rc4 Rb3 34. R4c3 1/2-1/2

[Event "12th Open"]
[Site "Dubai UAE"]
[Date "2010.04.11"]
[Round "7"]
[White "Guseinov,G"]
[Black "Sanikidze,T"]
[Result "0-1"]
[WhiteElo "2609"]
[BlackElo "2566"]
[EventDate "2010.04.05"]

1. e4 c6 2. d4 d5 3. exd5 cxd5 4. c4 Nf6 5. Nc3 Nc6 6. Nf3 e6 7. c5 Be7 8.
Bb5 O-O 9. O-O Bd7 10. Bf4 Ne4 11. Qd3 b6 12. Bxc6 Bxc6 13. Ne5 Qe8 14.
Nxc6 Qxc6 15. b4 bxc5 16. bxc5 Nxc3 17. Qxc3 Bf6 18. Rab1 Qa4 19. Rb4 Qxa2
20. Ra1 Qe2 21. c6 a5 22. Rba4 Rfc8 23. c7 Qb5 24. h3 g5 25. Bg3 Qb6 26. h4
gxh4 27. Be5 Bxe5 28. dxe5 Rxc7 29. Rg4+ Kh8 30. Qf3 f5 31. exf6 Rf8 32.
Rxh4 Qb2 33. Rxa5 Qxf6 34. Qxf6+ Rxf6 35. Rg4 Rg6 36. Rd4 Kg7 37. Ra6 Rc1+
38. Kh2 Rh6+ 39. Kg3 Rg6+ 40. Kh2 Rh6+ 41. Kg3 Rc3+ 42. f3 Rg6+ 43. Kh3 Rc7
44. Rb6 Rh6+ 45. Kg3 Rg6+ 46. Kh3 Rd7 47. f4 e5 48. Rxg6+ Kxg6 49. fxe5 Kf5
50. Kg3 Kxe5 51. Rh4 Rf7 52. Ra4 d4 53. Ra8 d3 0-1

[Event "12th Open"]
[Site "Dubai UAE"]
[Date "2010.04.11"]
[Round "7"]
[White "Ghaem Maghami,E"]
[Black "Safarli,E"]
[Result "1/2-1/2"]
[WhiteElo "2575"]
[BlackElo "2606"]
[EventDate "2010.04.05"]

1. e4 c5 2. Nf3 e6 3. c4 Nc6 4. Nc3 Nf6 5. Be2 d5 6. exd5 exd5 7. d4 Be6 8.
Be3 cxd4 9. Nxd4 Nxd4 10. Bxd4 dxc4 11. Qa4+ Qd7 12. Qxd7+ Nxd7 13. O-O Bc5
14. Bxg7 Rg8 15. Bh6 O-O-O 16. Bf4 Nb6 17. Rac1 Nd5 18. Nxd5 Bxd5 19. g3 b5
20. b3 Ba3 21. bxc4 Bxc1 22. Rxc1 bxc4 23. Bxc4 Bxc4 24. Rxc4+ Kd7 25. Rc7+
Ke6 26. Rxa7 Ra8 27. Rb7 Rxa2 28. Rb6+ Kf5 29. Rb5+ Ke6 30. Rb6+ Kf5 31.
Kg2 1/2-1/2

[Event "12th Open"]
[Site "Dubai UAE"]
[Date "2010.04.11"]
[Round "7"]
[White "Aleksandrov,A"]
[Black "Gagunashvili,M"]
[Result "0-1"]
[WhiteElo "2601"]
[BlackElo "2582"]
[EventDate "2010.04.05"]

1. d4 d5 2. c4 c6 3. Nc3 Nf6 4. e3 g6 5. Nf3 Bg7 6. Bd3 O-O 7. O-O Bf5 8.
Bxf5 gxf5 9. Qb3 Qb6 10. Qc2 e6 11. Na4 Qd8 12. Nc5 b6 13. Nd3 Nbd7 14. b4
b5 15. cxb5 cxb5 16. a4 bxa4 17. Qxa4 Nb6 18. Qc2 Nc4 19. Ra6 Ne8 20. Qa2
Qb8 21. Qa1 Nc7 22. Ra2 Rc8 23. Bd2 Nb5 24. Be1 Nbd6 25. Ng5 Qb5 26. Nf4
Bh6 27. Ngh3 a6 28. Qd1 Ne4 29. Qh5 Bg7 30. Ng5 Nxg5 31. Qxg5 h6 32. Qh4
Qd7 33. Nd3 Qb5 34. Nf4 Qd7 35. Kh1 Nd6 36. Rg1 Kh7 37. f3 Rg8 38. Nh5 Qd8
39. Qh3 Bf8 40. Re2 Be7 41. g3 Nc4 42. Nf4 Bg5 43. Ng2 Be7 44. Nf4 Bg5 45.
Ng2 Be7 46. Rf1 Nd6 47. Bd2 Qf8 48. Rb1 Rb8 49. Ra1 Rb6 50. Be1 Nc4 51. e4
fxe4 52. fxe4 dxe4 53. Rxe4 Bxb4 54. Bxb4 Qxb4 55. d5 Qc3 56. Rae1 Rg6 57.
Nf4 Qf3+ 58. Qg2 Qxg2+ 59. Kxg2 exd5 60. Re7 Rb2+ 61. Kh3 Rf6 62. Rd1 Rd2
63. Rxd2 Nxd2 64. Nxd5 Rd6 65. Ne3 Kg6 66. Ra7 Nb3 67. Nc4 Re6 68. Kg2 Nc5
69. Rc7 Nd3 70. Ra7 f6 71. Kf3 Rc6 72. Ne3 Nb4 73. g4 h5 74. h3 hxg4+ 75.
hxg4 Nd3 76. Nf5 Ne5+ 77. Ke2 Kg5 78. Ne3 Re6 79. Rg7+ Kf4 80. Nd5+ Ke4 81.
Nc7 Rc6 82. g5 f5 83. Ne8 f4 84. Rc7 Rxc7 85. Nxc7 a5 86. Ne6 Kf5 87. Nc5
Kxg5 88. Kf2 Kg4 89. Kg2 f3+ 90. Kf2 Kf4 91. Ne6+ Ke4 92. Nc5+ Kd5 93. Na4
Kc4 94. Ke3 Kb4 0-1

[Event "12th Open"]
[Site "Dubai UAE"]
[Date "2010.04.11"]
[Round "7"]
[White "Baklan,V"]
[Black "Shengelia,D"]
[Result "1-0"]
[WhiteElo "2644"]
[BlackElo "2567"]
[EventDate "2010.04.05"]

1. e4 c5 2. Nf3 d6 3. d4 cxd4 4. Nxd4 Nf6 5. Nc3 Nc6 6. Bg5 e6 7. Qd2 Be7
8. O-O-O Nxd4 9. Qxd4 O-O 10. f4 a6 11. Be2 b5 12. Bf3 Bb7 13. e5 Bxf3 14.
exf6 gxf6 15. gxf3 fxg5 16. Ne4 d5 17. h4 g4 18. Rdg1 f6 19. Rxg4+ Kh8 20.
Ng5 e5 21. Qd3 fxg5 22. hxg5 Rf7 23. Rgh4 e4 24. fxe4 Bxg5 25. fxg5 Qxg5+
26. Kb1 Raf8 27. a3 dxe4 28. Qd4+ Kg8 29. Qxe4 Qe7 30. Qg4+ Kh8 31. Qd4+
Rf6 32. Rg1 Qd6 33. Qc3 Qc6 34. Qd3 R6f7 35. Rg6 Qb7 36. Qd4+ Rg7 37. b3 a5
38. Rg5 a4 39. Rhg4 axb3 40. Rxg7 1-0